The Anthropology of media : a reader
Αποθηκεύτηκε σε:
| Άλλοι συγγραφείς: | , |
|---|---|
| Μορφή: | Βιβλίο |
| Γλώσσα: | English |
| Δημοσίευση: |
Malden, MA :
Blackwell Publishers,
2002
|
| Θέματα: | |
| Ετικέτες: |
Προσθήκη ετικέτας
Δεν υπάρχουν, Καταχωρήστε ετικέτα πρώτοι!
|
MARC
| LEADER | 00000nam a2200000 i 4500 | ||
|---|---|---|---|
| 001 | 1/11179 | ||
| 008 | 101203s2002 eng d | ||
| 020 | |a 978-0-631-22094-7 | ||
| 035 | |l 10109311 | ||
| 040 | |a GR-MY-UA |b gre |e aacr | ||
| 041 | 0 | |a eng | |
| 082 | 0 | |a 302.23 |2 (22) | |
| 245 | 1 | 4 | |a The Anthropology of media : |b a reader / |c edited by Kelly Askew and Richard R. Wilk |
| 260 | |a Malden, MA : |b Blackwell Publishers, |c 2002 | ||
| 300 | |a xi, 416 σ.; |c 26 εκ. | ||
| 504 | |a Περιέχει βιβλιογραφία και ευρετήριο | ||
| 650 | 0 | 0 | |a Mass media and culture. |
| 700 | 1 | |a Askew, Kelly Michele. |4 edt | |
| 700 | 1 | |a Wilk, Richard R. |4 edt | |
| 852 | |a INST |b LESVOS |e 20101203 |h 302.23 ANT |p 005100049513 |q 005100049513 |t BK |y 0 | ||
| 901 | |a BIBL1-2010-3 | ||
| 909 | |a Λ |b 166801 | ||
| 922 | |a 1ΕΛΗ |b 201011 |c ΤΑΚΤΙΚΟΣ ΒΙΒΛΙΟΘΗΚΗΣ |d ΜΙΧΑΛΟΠΟΥΛΟΣ | ||
| 970 | |a ΤΖΑΦΕΡΗ |b ΕΥΑΓΓΕΛΙΑ |z 2010/12/03 | ||